000 01092cam a2200301 a 4500
005 20260322212016.0
008 data
010 _a 2008040982
020 _a9780553385090 (hardcover)
020 _a0553385097 (hardcover)
040 _aDLC
_cDLC
_dDLC
_dBTCTA
_dBAKER
_dYDXCP
_dOCO
_dIK2
_dDLC
043 _amm-----
050 0 0 _aTX725.M35
_bJ46 2009
082 0 0 _a641.59182/2
_222
092 _a641.59 J46 2009
100 1 _aJenkins, Nancy Harmon.
245 1 4 _aThe new Mediterranean diet cookbook :
_ba delicious alternative for lifelong health /
_cNancy Harmon Jenkins, Marion Nestle & Nancy Harmon Jenkins.
260 _aNew York, N.Y. :
_bBantam Books,
_cc2009.
300 _axiii, 496 p. ;
_c26 cm.
500 _aPrev. ed. published under title: The Mediterranean diet cookbook.
504 _aIncludes bibliographical references (p. 479-481) and index.
650 0 _aCookery, Mediterranean.
650 0 _aDiet
_zMediterranean Region.
650 0 _aLow-fat diet
_vRecipes.
700 1 _aNestle, Marion.
700 1 _aJenkins, Nancy Harmon.
_tMediterranean diet cookbook.
001 data
999 _c358
_d358